La responsabilidad de los intelectuales: y otros ensayos históricos y políticos. Los nuevos mandarines

Gorde:
Xehetasun bibliografikoak
Egile nagusia: Chomsky, Noam (Egilea)
Formatua: Liburua
Hizkuntza:gaztelania
Argitaratua: Barcelona Ariel 1969
Gaiak:
Etiketak: Etiketa erantsi
Etiketarik gabe, Izan zaitez lehena erregistro honi etiketa jartzen!

MARC

LEADER 00000nam a2200000 a 4500
001 UCQ0880
003 CL-VaPUC
008 980703e19690000SP |||||||||||||||||spa|d
082 0 4 |a 305.552  |b CHO  |2 21 
100 0 |a Chomsky, Noam  |e author  |9 320717 
245 1 3 |a La responsabilidad de los intelectuales: y otros ensayos históricos y políticos. Los nuevos mandarines 
300 |a 368 p 
942 |c BK 
945 |d 19980703 00:00:00  |a crobeson 
260 |a Barcelona  |b Ariel  |c 1969 
650 7 |a INTELLIGENTSIA  |2 CL-VaPUC  |9 337004 
650 7 |a ELITE  |2 CL-VaPUC  |9 374366 
650 7 |a ESTRUCTURA SOCIAL  |2 CL-VaPUC  |9 414259 
650 0 |a Sociología política   |9 255920 
650 7 |a PODER SOCIAL  |2 CL-VaPUC  |9 376134 
583 |a last modification  |c 19980703 00:00:00  |k Rodrigo Vera 
999 |c 271907  |d 271905 
952 |0 0  |1 0  |4 0  |6 305_552000000000000_CHO_1969  |7 0  |8 A  |9 306697  |a BIBENE  |b BIBENE  |d 2019-11-20  |i 1429302  |o 305.552 CHO 1969  |p 1429302  |r 2025-01-15  |w 2019-11-20  |y BK  |k ICO